| 000 | 00483cam a22001812a 4500 | ||
|---|---|---|---|
| 001 | 024578 | ||
| 003 | AR-FADEU | ||
| 008 | 311216n1963####xxu####################dd | ||
| 092 |
_a146.3 _bL954j _eBDT |
||
| 100 | _aLukacs, Georg | ||
| 245 | _aEl joven Hegel y los problemas de la sociedad capitalĂsta | ||
| 260 | _aMéxico | ||
| 260 | _bGrijalbo | ||
| 260 | _c1963 | ||
| 300 | _a549 p | ||
| 650 | _aFILOSOFIA MARXISTA; MATERIALISMO-FILOSOFIA; HEGEL, G. F./BDT/ | ||
| 942 | _cBDT | ||
| 999 |
_c30265 _d30265 |
||